LEADER 00842nam a22002291i 4500 001 991000207849707536 005 20020926081210.0 008 020923s1942 it |||||||||||||||||ita 035 $ab11974072-39ule_inst 035 $aARCHE-006387$9ExL 040 $aDip.to Filologia Ling. e Lett.$bita$cA.t.i. Arché s.c.r.l. Pandora Sicilia s.r.l. 100 1 $aD'Amico, Silvio$036359 245 10$aDramma sacro e profano /$cSilvio D'Amico 260 $aRoma :$bTumminelli,$c1942 300 $a251 p. ;$c19 cm 650 4$aTeatro$xSaggi 907 $a.b11974072$b02-04-14$c01-04-03 912 $a991000207849707536 945 $aLE008 FL.M. V F 77$g1$i2008000137113$lle008$o-$pE0.00$q-$rn$so $t0$u1$v0$w1$x0$y.i12253911$z01-04-03 996 $aDramma sacro e profano$9136046 997 $aUNISALENTO 998 $ale008$b01-04-03$cm$da $e-$fita$git $h0$i1